Deleuze and the genesis of representation (Record no. 144735)
[ view plain ]
| 000 -LEADER | |
|---|---|
| fixed length control field | 01726nam a2200373 a 4500 |
| 082 04 - DEWEY DECIMAL CLASSIFICATION NUMBER | |
| Classification number | 194 |
| 100 1# - MAIN ENTRY--AUTHOR NAME | |
| Personal name | Hughes, Joe. |
| 245 10 - TITLE STATEMENT | |
| Title | Deleuze and the genesis of representation |
| 260 ## - PUBLICATION, DISTRIBUTION, ETC. (IMPRINT) | |
| Place of publication | London ; |
| -- | New York : |
| Name of publisher | Continuum, |
| Year of publication | c2008. |
| 300 ## - PHYSICAL DESCRIPTION | |
| Number of Pages | 192 p. |
| 490 1# - SERIES STATEMENT | |
| Series statement | Continuum studies in Continental philosophy |
| 505 0# - FORMATTED CONTENTS NOTE | |
| Formatted contents note | Part I : Husserl and Deleuze -- Husserl, reduction and constitution -- The logic of sense -- Part II : Anti-Oedipus -- The material reduction and schizogenesis -- Desiring-production -- Social production -- Part III : difference and repetition -- Static genesis : ideas and intensity -- Dynamic genesis : the production of time -- Conclusion. |
| 650 #0 - SUBJECT ADDED ENTRY--TOPICAL TERM | |
| Topical Term | Representation (Philosophy) |
| 856 40 - ELECTRONIC LOCATION AND ACCESS | |
| Uniform Resource Identifier | http://site.ebrary.com/lib/rucke/Doc?id=10427236 |
No items available.
